<?xml version="1.0" encoding="UTF-8"?>
<collection xmlns="http://www.loc.gov/MARC21/slim">
 <record>
  <leader>00935nam a2200325   4500</leader>
  <controlfield tag="001">DLU100111520</controlfield>
  <controlfield tag="005">##20100910</controlfield>
  <controlfield tag="008">##810410c19269999enkm ||| ||||||   ||eng| </controlfield>
  <datafield tag="010" ind1="#" ind2="#">
   <subfield code="a">   28016597 </subfield>
  </datafield>
  <datafield tag="022" ind1="#" ind2="#">
   <subfield code="a">0005-5395</subfield>
  </datafield>
  <datafield tag="035" ind1="#" ind2="#">
   <subfield code="9">(DLC)   28016597</subfield>
  </datafield>
  <datafield tag="040" ind1="#" ind2="#">
   <subfield code="a">DLC</subfield>
   <subfield code="c">DLU</subfield>
   <subfield code="d">DLU</subfield>
  </datafield>
  <datafield tag="041" ind1="#" ind2="#">
   <subfield code="a">eng</subfield>
  </datafield>
  <datafield tag="245" ind1="#" ind2="#">
   <subfield code="a">The Banker.</subfield>
  </datafield>
  <datafield tag="260" ind1="#" ind2="#">
   <subfield code="a">London,</subfield>
   <subfield code="b">Eyre and Spottiswoode (publications), ltd.</subfield>
   <subfield code="c">[1926-</subfield>
  </datafield>
  <datafield tag="265" ind1="#" ind2="#">
   <subfield code="a">The Banker, Subscriptions Dept., Central House, 27 Park St., Croydon, CR0 1YD, UK</subfield>
  </datafield>
  <datafield tag="300" ind1="#" ind2="#">
   <subfield code="a">v.</subfield>
   <subfield code="b">illus.</subfield>
   <subfield code="c">25 cm.</subfield>
  </datafield>
  <datafield tag="310" ind1="#" ind2="#">
   <subfield code="a">Monthly</subfield>
  </datafield>
  <datafield tag="525" ind1="#" ind2="#">
   <subfield code="a">Includes supplements and special issues.</subfield>
  </datafield>
  <datafield tag="650" ind1="#" ind2="#">
   <subfield code="a">Banks and banking</subfield>
   <subfield code="x">Periodicals.</subfield>
  </datafield>
  <datafield tag="650" ind1="#" ind2="#">
   <subfield code="a">Banks and banking</subfield>
   <subfield code="z">Great Britain.</subfield>
  </datafield>
  <datafield tag="700" ind1="#" ind2="#">
   <subfield code="a">Bracken, Brendan</subfield>
   <subfield code="e">ed.</subfield>
  </datafield>
  <datafield tag="994" ind1="#" ind2="#">
   <subfield code="a">DLU</subfield>
  </datafield>
  <datafield tag="900" ind1="#" ind2="#">
   <subfield code="a">True</subfield>
  </datafield>
  <datafield tag="911" ind1="#" ind2="#">
   <subfield code="a">Trương Bảo Trâm Anh</subfield>
  </datafield>
  <datafield tag="925" ind1="#" ind2="#">
   <subfield code="a">G</subfield>
  </datafield>
  <datafield tag="926" ind1="#" ind2="#">
   <subfield code="a">A</subfield>
  </datafield>
  <datafield tag="927" ind1="#" ind2="#">
   <subfield code="a">TT</subfield>
  </datafield>
  <datafield tag="980" ind1="#" ind2="#">
   <subfield code="a">Thư viện Trường Đại học Đà Lạt</subfield>
  </datafield>
 </record>
</collection>
